| 000 | 00691cam a22002411a 4500 | ||
|---|---|---|---|
| 999 |
_c9727 _d9727 |
||
| 003 | BD-JhCC | ||
| 005 | 20221013134022.0 | ||
| 008 | 180324s1950 enkac 001 0aeng | ||
| 035 |
_a(OCoLC)11658756 _aBD-JhCC |
||
| 040 |
_aDLC _cAMU _dUk _dDLC _dBD-JhCC |
||
| 041 | _aeng | ||
| 050 | 0 | 0 |
_aGV915.B7 _bA3 |
| 082 |
_a796.358 _bBRA 1950 |
||
| 100 | 1 |
_aBradman, Donald George, _cSir, _d1908- |
|
| 245 | 1 | 0 |
_aFarewell to cricket / _cby Don Bradman. |
| 260 |
_aLondon : _bHodder & Stoughton, _c1950. |
||
| 300 |
_a320 p. : _bill., ports. ; _c23 cm. |
||
| 500 | _aIncludes index. | ||
| 600 | 1 | 0 |
_aBradman, Donald George, _cSir, _d1908- |
| 650 | 0 | _aCricket. | |
| 942 |
_2ddc _cBK _01 |
||